01469nam a2200337 a 4500001001000000003000500010005001700015008004100032010001100073011001100084040000900095090001000104100004200114245022000156260004100376500006000417502009700477590004100574590004000615590004000655650005800695650005400753650004700807650005100854856007000905901000700975942001000982942000600992999001900998952011401017000115973CHAP20220329144555.0190823s2019 mx | |sm |||||||spa d a112434 a113406 cCHAP aTesis1 aÁlvarez González, Evelina.98240310aUn acercamiento diagnóstico para la virtualización del programa del doctorado en ciencias en educación agrícola superior de la Universidad Autónoma Chapingoh[En línea]cpor Evelina Álvarez González. aChapingo, Méx. :bEl autor,c2019. aPara ver el contenido del material haga clic en la liga aTesis (Ph.D. en Educación Agrícola Superior) -- UACH. Departamento de Sociología Rural aE11695DGDb10c20190823lUCH01h1447 aE6337LMJb05c20190823lUCH01h1055 aE6337LMJb05c20190823lUCH01h105514aEducación agrícolaxEstudio y enseñanza.93551614aEducación agrícolaxPlanes de estudio.93553914aEducación superiorxEvaluación.93563314aUACHxPlanes de estudioxEvaluación.9133380 aFinding aiduhttp://10.13.5.2/tesis/sist115973.pdfzTeclea aquí aBK cTESIS n0 c112434d112434 00102local40718TESISaBCbBCd2019-08-23fTESISl0oTesisp115984-10r2019-12-31 00:00:00w2019-08-23yCD